| 000 | 01356nam a22003257a 4500 | ||
|---|---|---|---|
| 003 | OSt | ||
| 005 | 20250711123547.0 | ||
| 008 | 201020s1994 sp a|||br|||| 00| fdspa d | ||
| 020 | _a8423636976 | ||
| 040 |
_aCO-JMCR _cCO-JMCR |
||
| 041 | 1 |
_aspa _hglg |
|
| 082 | 0 | 4 |
_aN _bCARr _223 |
| 100 | 1 |
_aCarballeira, Paula, _eautora _911722 |
|
| 245 | 1 | 0 |
_aRobin y la buena gente / _cPaula Carballeira ; ilustraciones, Fran Jaraba ; traducción, Inés Sixto |
| 250 | _a3. edición | ||
| 260 |
_aBarcelona : _bEdebé, _c1994 |
||
| 300 |
_a137 páginas : _bilustraciones a blanco y negro ; _c17 cm. |
||
| 490 | 0 |
_aTucán ; _v48 |
|
| 500 | _aTítulo original: Robin e a Boa Xente | ||
| 500 | _aIncluye datos biográficos de la autora. | ||
| 505 | 0 | _aLa tierra verde -- Robin y pies descalzos -- Mi despedida | |
| 520 | 3 | _aHay siete momentos en los que un ser humano puede entrar en el París Mágico, pero la mayoría de las personas han olvidado cómo hacerlo. Sin embargo, una vez lo consiguió una niña, pies descalzos; claro que contaba con una ayuda muy especial... | |
| 521 | _aA partir de 9 años | ||
| 546 | _aTraducido del gallego. | ||
| 650 | 1 | 4 |
_aNovela infantil española _93172 |
| 651 | 4 |
_aParís _xnovela infantil _911723 |
|
| 700 | 1 |
_aJaraba, Fran, _eilustrador _911724 |
|
| 700 | 1 |
_aSixto, Inés, _etraductora _911725 |
|
| 942 |
_2ddc _cBK |
||
| 999 |
_c6942 _d6942 |
||